<?xml version="1.0" encoding="UTF-8"?>
<marc:record xmlns:marc="http://www.loc.gov/MARC21/slim">
   <marc:leader>00000nam a2200000 a 4500</marc:leader>
   <marc:datafield ind1="0" ind2="0" tag="245">
      <marc:subfield code="a">Honigsüsse Weihnachtszeit</marc:subfield>
   </marc:datafield>
   <marc:datafield ind1=" " ind2="1" tag="264">
      <marc:subfield code="a">München</marc:subfield>
      <marc:subfield code="b">Buena Vista</marc:subfield>
      <marc:subfield code="c">2002</marc:subfield>
   </marc:datafield>
   <marc:datafield ind1="1" ind2=" " tag="490">
      <marc:subfield code="a">Winnie Puuh</marc:subfield>
   </marc:datafield>
   <marc:datafield ind1="1" ind2=" " tag="520">
      <marc:subfield code="a">Wo kommen die Weihnachtsgeschenke her, wenn ein fieser Wind den Wunschzettelbrief der Hundertmorgenwaldbewohner nicht an den Nordpol trägt, sondern verweht? Puuh ist wieder einmal der Retter in der Not, doch seine Weihnachtsmaskerade läuft irgendwie schief und ganz unweihnachtlich. Zum Glück kennt der echte Weihnachtsmann Christopher Robin und hinterlässt dort Präsente für die Freunde.</marc:subfield>
   </marc:datafield>
   <marc:datafield ind1=" " ind2=" " tag="020">
      <marc:subfield code="a">4011846009474</marc:subfield>
      <marc:subfield code="9">4011846009474</marc:subfield>
   </marc:datafield>
   <marc:datafield ind1="0" ind2=" " tag="490">
      <marc:subfield code="v">0</marc:subfield>
   </marc:datafield>
   <marc:datafield ind1=" " ind2=" " tag="300">
      <marc:subfield code="a">ca. 61 Min.</marc:subfield>
   </marc:datafield>
</marc:record>
